GST: (Record no. 193935)

MARC details
000 -LEADER
fixed length control field 00746nam a22001937a 4500
005 - DATE AND TIME OF LATEST TRANSACTION
control field 20230302152411.0
010 ## - LCCN (DPL NO)
LC control number B-746510-511 E.N.A./7.11.22
020 ## - INTERNATIONAL STANDARD BOOK NUMBER
International Standard Book Number 9789356223387
Terms of availability 1995.00
035 ## - SYSTEM CONTROL NUMBER
System control number B-746510-511
037 ## - SOURCE OF ACQUISITION
Source of stock number/acquisition Taxmann publication
082 ## - DEWEY DECIMAL CLASSIFICATION NUMBER
Classification number 343.54055
245 ## - TITLE STATEMENT
Title GST:
Remainder of title Acts with Rules/Forms & Notification
Statement of responsibility, etc Taxmann's
250 ## - EDITION STATEMENT
Edition statement 2022
260 ## - PUBLICATION, DISTRIBUTION, ETC. (IMPRINT)
Place of publication, distribution, etc New Delhi
Name of publisher, distributor, etc Taxmann Publications
Date of publication, distribution, etc 2022
270 ## - ADDRESS
Address 59/32, New Rohtak Road,
City New Delhi
Postal code 110005
300 ## - PHYSICAL DESCRIPTION
Extent Various p.
Dimensions 24cm (pbk)
942 ## - ADDED ENTRY ELEMENTS (KOHA)
Source of classification or shelving scheme Dewey Decimal Classification
Item type English Books
Call number suffix TAX
Holdings
Withdrawn status Lost status Not for loan Collection code Home library Current library Date acquired Source of acquisition Cost, normal purchase price Full call number Barcode Copy number Cost, replacement price Koha item type
      Non-fiction Central Library Central Library 02/03/2023 Taxmann Pub./INV/00503/29.11.22/216/22.11.22/30.11.22 1995.00 TAX B-746510 1 1995.00 English Books
      Non-fiction Sarojini Nagar Sarojini Nagar 02/03/2023 Taxmann Pub./INV/00503/29.11.22/216/22.11.22/30.11.22 1995.00 TAX B-746511 1 1995.00 English Books

© Delhi Public Library
Hit Counter
free hit counter